Central Library OPAC University of Rajshahi
Normal view MARC view

Entry Topical Term

Number of records used in: 3

001 - CONTROL NUMBER

  • control field: 13291

003 - CONTROL NUMBER IDENTIFIER

  • control field: BD-RjUL

005 - DATE AND TIME OF LATEST TRANSACTION

  • control field: 20240603161304.0

008 - FIXED-LENGTH DATA ELEMENTS

  • fixed length control field: 240603|| aca||aabn | a|a d

040 ## - CATALOGING SOURCE

  • Original cataloging agency: BD-RjUL
  • Transcribing agency: BD-RjUL

150 ## - HEADING--TOPICAL TERM

  • Topical term or geographic name entry element: Biology
  • Form subdivision: Fishery

670 ## - SOURCE DATA FOUND

  • Source citation: Work cat.: (BD-RjUL)83881: Islam, Md. Nazrul, Biology of freshwater gobi, glossogobius giuris (Hamilton) of the river Padma with some notes on its fishery /, 2002